[Event "Charity Cup MCCT Prel 2022"]
[Site "Online"]
[Date "2022.03.15"]
[Round "14.8"]
[White "Praggnanandhaa R"]
[Black "Van Foreest, Jorden"]
[Result "1-0"]
[WhiteElo "2612"]
[BlackElo "2702"]
[Annotator "TA"]
[PlyCount "65"]
[EventDate "2022.03.18"]
[EventType "tourn"]
[EventCountry "NET"]
[SourceTitle "playchess.com"]
[Source "ChessBase"]
[SourceQuality "1"]

{[%evp 21,65,0,0,0,7,0,0,0,0,0,0,0,0,40,23,18,135,52,44,50,242,254,257,239,242,235,266,269,253,245,259,243,2190,2835,2009,2187,1563,1489,1618,538,1575,1480,1847,1768,1304,1221]} 1. d4 Nf6 2. c4 g6 3. Nc3 d5 4. Nf3 Bg7 5. e3 {[%cal Be2e3,Be3d4,Bd4d5][%mdl 32]} O-O 6. cxd5 Nxd5 7. Bc4 Nb6 8. Bb3 c5 9. O-O cxd4 10. exd4 Nc6 11. d5 Na5 12. h3 {To avoid Bg4. D94: Grünfeld: 4 Nf3 Bg7 5 e3.} Re8 13. Re1 Bf5 14. g4 {The position is equal.} Nxb3 15. axb3 Bd7 16. Bg5 {[%cal Bc1g5,Bg5h4,Bh4g3][%mdl 32]} h6 17. Bh4 g5 18. Bg3 {[#]} f5 $146 {[#]} (18... e6 $11 {remains equal.}) ({Predecessor:} 18... e6 19. d6 Bc6 20. Nd4 Bxd4 21. Qxd4 Nd7 22. Rxa7 Rxa7 23. Qxa7 Qf6 24. Qe3 e5 {½-½ (36) Navara,D (2740)-Wei,Y (2743) Yancheng 2018}) 19. gxf5 {White is much more active. Black has bad knights.} ({White should play} 19. Be5 $1 $16 {[%cal Re5g7]}) 19... Bxf5 $14 20. Be5 Bxh3 $2 {A mistake that costs the game.} (20... Bxe5 $14 21. Nxe5 Rf8) 21. Bxg7 $18 Kxg7 22. Qd4+ e5 23. Rxe5 Kg8 24. Qe4 {Threatens to win with Qg6+.} Kg7 {[#] Inhibits Qg6+.} 25. Rxa7 $3 {[%mdl 512]} Rxa7 26. Rxe8 $40 {[%mdl 128] Black is in trouble. Dancing on a razor blade.} Qd6 (26... Qf6 27. Re7+ Kf8 28. Re8+ Kg7) 27. Qd4+ {White is clearly winning.} Kf7 28. Qh8 Ra1+ 29. Ne1 {White wants to mate with Qg8+. Pair of Knights!} Kg6 30. Rg8+ ({Stronger than} 30. Re5 Qd7 31. Qe8+ (31. Kh2 $2 Ra8 $19) 31... Qxe8 32. Rxe8 Bd7 $14) (30. Qg8+ $142 Kh5 31. Qf7+ Kh4 32. Re4+ (32. Qf3 Qf4 $18) 32... g4 33. Re6 Rxe1+ 34. Rxe1) 30... Kh5 {[%cal Ra1e1] [#]} 31. Rxg5+ $1 {[%mdl 512]} Kh4 (31... Kxg5 32. Ne4+) 32. Qd4+ Kxg5 33. Ne4+ {Weighted Error Value: White=0.36/Black=0.45} 1-0

[Event "Charity Cup MCCT Prel 2022"]
[Site "Online"]
[Date "2022.03.15"]
[Round "15.1"]
[White "Van Foreest, Jorden"]
[Black "Niemann, Hans Moke"]
[Result "1-0"]
[WhiteElo "2702"]
[BlackElo "2642"]
[Annotator "ChessBase"]
[PlyCount "283"]
[EventDate "2022.03.18"]
[EventType "tourn"]
[EventCountry "NET"]
[SourceTitle "playchess.com"]
[Source "ChessBase"]
[SourceQuality "1"]
[TimeControl "900+10"]

1. e4 {[%emt 0:00:00]} e5 {[%emt 0:00:00]} 2. Nf3 {[%emt 0:00:04]} Nc6 {[%emt 0:00:02]} 3. Bb5 {[%emt 0:00:10]} Nf6 {[%emt 0:00:11]} 4. O-O {[%emt 0:00:33]} Nxe4 {[%emt 0:00:03]} 5. d4 {[%emt 0:00:26]} Nd6 {[%emt 0:00:03]} 6. Bxc6 {[%emt 0:00:00]} dxc6 {[%emt 0:00:02]} 7. dxe5 {[%emt 0:00:01]} Nf5 {[%emt 0:00:01]} 8. Qxd8+ {[%emt 0:00:01]} Kxd8 {[%emt 0:00:00]} 9. h3 {[%emt 0:00:01]} Be7 {[%emt 0:00:22]} 10. Re1 {[%emt 0:00:18]} Ke8 {[%emt 0:00:20]} 11. Nc3 {[%emt 0:00:30]} Be6 {[%emt 0:00:16]} 12. g4 {[%emt 0:00:39]} Nh4 {[%emt 0:00:03]} 13. Nxh4 {[%emt 0:00:02]} Bxh4 {[%emt 0:00:02]} 14. Kg2 {[%emt 0:00:03]} Rd8 {[%emt 0:00:40]} 15. Bf4 {[%emt 0:00:59]} Be7 {[%emt 0:01:28]} 16. Rad1 {[%emt 0:00:18]} Bb4 {[%emt 0:00:10]} 17. a3 {[%emt 0:00:09]} Bxc3 {[%emt 0:00:12]} 18. bxc3 {[%emt 0:00:00]} Rd5 {[%emt 0:00:38]} 19. Kg3 {[%emt 0:00:28]} Kd7 {[%emt 0:00:32]} 20. Be3 {[%emt 0:00:12]} Rxd1 {[%emt 0:00:30]} 21. Rxd1+ {[%emt 0:00:03]} Kc8 {[%emt 0:00:00]} 22. f4 {[%emt 0:00:15]} g6 {[%emt 0:00:20]} 23. Rf1 {[%emt 0:02:43]} Bc4 {[%emt 0:00:05]} 24. Rf2 {[%emt 0:00:05]} Re8 {[%emt 0:00:37]} 25. Kh4 {[%emt 0:00:35]} h6 {[%emt 0:00:01]} 26. f5 {[%emt 0:00:35]} Rxe5 {[%emt 0:01:33]} 27. Bxh6 {[%emt 0:00:13]} Kd7 {[%emt 0:02:03]} 28. fxg6 {[%emt 0:01:38]} fxg6 {[%emt 0:00:02]} 29. Rf6 {[%emt 0:00:03]} Re6 {[%emt 0:00:30]} 30. Rf4 {[%emt 0:00:30]} Bd5 {[%emt 0:00:03]} 31. Kg5 {[%emt 0:00:10]} Be4 {[%emt 0:00:05]} 32. Rf2 {[%emt 0:00:35]} Kd6 {[%emt 0:00:05]} 33. Bg7 {[%emt 0:00:49]} c5 {[%emt 0:00:42]} 34. h4 {[%emt 0:00:20]} b5 {[%emt 0:00:02]} 35. Rd2+ {[%emt 0:02:35]} Kc6 {[%emt 0:00:04]} 36. Kf4 {[%emt 0:00:00]} Bd5 {[%emt 0:00:19]} 37. Be5 {[%emt 0:00:09]} Re8 {[%emt 0:00:20]} 38. Bxc7 {[%emt 0:00:41]} Re1 {[%emt 0:00:38]} 39. Kg5 {[%emt 0:00:05]} Rg1 {[%emt 0:00:51]} 40. Bh2 {[%emt 0:00:02]} Ra1 {[%emt 0:00:26]} 41. Kxg6 {[%emt 0:00:03]} Rxa3 {[%emt 0:00:03]} 42. Be5 {[%emt 0:00:26]} Ra4 {[%emt 0:00:04]} 43. Kg5 {[%emt 0:00:22]} Re4 {[%emt 0:00:13]} 44. Bf6 {[%emt 0:00:30]} Re1 {[%emt 0:01:01]} 45. h5 {[%emt 0:00:07]} Rh1 {[%emt 0:00:14]} 46. c4 {[%emt 0:00:51]} bxc4 {[%emt 0:00:10]} 47. Kg6 {[%emt 0:00:04]} Bf3 {[%emt 0:00:12]} 48. h6 {[%emt 0:01:16]} Bxg4 {[%emt 0:00:06]} 49. h7 {[%emt 0:00:30]} Bf5+ {[%emt 0:00:01]} 50. Kxf5 {[%emt 0:00:01]} Rxh7 {[%emt 0:00:01]} 51. Ke4 {[%emt 0:00:29]} a5 {[%emt 0:00:10]} 52. Be5 {[%emt 0:00:41]} Rh1 {[%emt 0:00:15]} 53. Ke3 {[%emt 0:00:27]} Kb5 {[%emt 0:00:17]} 54. Re2 {[%emt 0:00:34]} a4 {[%emt 0:00:22]} 55. Kd2 {[%emt 0:00:01]} a3 {[%emt 0:00:07]} 56. Re1 {[%emt 0:00:10]} Rh3 {[%emt 0:00:41]} 57. Re3 {[%emt 0:00:40]} Rh5 {[%emt 0:00:02]} 58. Bc3 {[%emt 0:00:03]} Rh1 {[%emt 0:00:47]} 59. Re8 {[%emt 0:00:16]} Rh2+ {[%emt 0:00:05]} 60. Kc1 {[%emt 0:00:03]} Rh1+ {[%emt 0:00:01]} 61. Re1 {[%emt 0:00:09]} Rh3 {[%emt 0:00:02]} 62. Be5 {[%emt 0:00:16]} c3 {[%emt 0:00:10]} 63. Kb1 {[%emt 0:00:02]} Kc4 {[%emt 0:00:21]} 64. Ka2 {[%emt 0:00:05]} Rf3 {[%emt 0:00:16]} 65. Re2 {[%emt 0:00:24]} Rf1 {[%emt 0:00:35]} 66. Re3 {[%emt 0:00:09]} Rf2 {[%emt 0:00:29]} 67. Rxc3+ {[%emt 0:00:17]} Kb4 {[%emt 0:00:01]} 68. Rb3+ {[%emt 0:00:09]} Kc4 {[%emt 0:00:03]} 69. Rc3+ {[%emt 0:00:05]} Kb4 {[%emt 0:00:02]} 70. Rb3+ {[%emt 0:00:18]} Kc4 {[%emt 0:00:02]} 71. Rxa3 {[%emt 0:00:07]} Rxc2+ {[%emt 0:00:08]} 72. Bb2 {[%emt 0:00:03]} Re2 {[%emt 0:00:07]} 73. Ra4+ {[%emt 0:00:04]} Kb5 {[%emt 0:00:07]} 74. Rh4 {[%emt 0:00:02]} c4 {[%emt 0:00:03]} 75. Kb1 {[%emt 0:00:05]} Kb4 {[%emt 0:00:04]} 76. Rh8 {[%emt 0:00:02]} Rg2 {[%emt 0:00:37]} 77. Rb8+ {[%emt 0:00:02]} Kc5 {[%emt 0:00:03]} 78. Ba3+ {[%emt 0:00:05]} Kd4 {[%emt 0:00:05]} 79. Rd8+ {[%emt 0:00:01]} Kc3 {[%emt 0:00:03]} 80. Bc5 {[%emt 0:00:17]} Rg4 {[%emt 0:00:43]} 81. Be3 {[%emt 0:00:05]} Kb3 {[%emt 0:00:08]} 82. Rb8+ {[%emt 0:00:23]} Kc3 {[%emt 0:00:05]} 83. Bc5 {[%emt 0:00:04]} Kd3 {[%emt 0:00:14]} 84. Rd8+ {[%emt 0:00:08]} Kc3 {[%emt 0:00:02]} 85. Ka2 {[%emt 0:00:11]} Kc2 {[%emt 0:00:19]} 86. Rh8 {[%emt 0:00:04]} Rg2 {[%emt 0:00:08]} 87. Rh3 {[%emt 0:00:27]} Rg8 {[%emt 0:00:43]} 88. Ka3 {[%emt 0:00:08]} c3 {[%emt 0:00:11]} 89. Bd6 {[%emt 0:00:32]} Re8 {[%emt 0:00:40]} 90. Rh2+ {[%emt 0:00:14]} Kb1 {[%emt 0:00:12]} 91. Bf4 {[%emt 0:00:16]} Rc8 {[%emt 0:00:50]} 92. Rh1+ {[%emt 0:00:11]} Kc2 {[%emt 0:00:01]} 93. Kb4 {[%emt 0:00:02]} Kd3 {[%emt 0:00:17]} 94. Kb3 {[%emt 0:00:09]} c2 {[%emt 0:00:12]} 95. Kb2 {[%emt 0:00:15]} Rc4 {[%emt 0:00:14]} 96. Rh3+ {[%emt 0:00:04]} Ke2 {[%emt 0:00:17]} 97. Bc1 {[%emt 0:00:04]} Rc8 {[%emt 0:00:04]} 98. Rh2+ {[%emt 0:00:02]} Kd1 {[%emt 0:00:03]} 99. Rd2+ {[%emt 0:00:02]} Ke1 {[%emt 0:00:02]} 100. Rd7 {[%emt 0:00:04]} Ke2 {[%emt 0:00:05]} 101. Bd2 {[%emt 0:00:22]} Rc6 {[%emt 0:00:05]} 102. Kc1 {[%emt 0:00:03]} Rc8 {[%emt 0:00:03]} 103. Rd6 {[%emt 0:00:15]} Rc4 {[%emt 0:00:08]} 104. Rh6 {[%emt 0:00:06]} Kd3 {[%emt 0:00:05]} 105. Rh3+ {[%emt 0:00:02]} Kd4 {[%emt 0:00:01]} 106. Kb2 {[%emt 0:00:04]} Rc8 {[%emt 0:00:26]} 107. Bc3+ {[%emt 0:00:03]} Ke4 {[%emt 0:00:01]} 108. Kxc2 {[%emt 0:00:01]} Rf8 {[%emt 0:00:14]} 109. Rh7 {[%emt 0:00:16]} Kd5 {[%emt 0:00:12]} 110. Rh4 {[%emt 0:00:57]} Rf3 {[%emt 0:00:13]} 111. Kb3 {[%emt 0:00:11]} Re3 {[%emt 0:00:06]} 112. Rh5+ {[%emt 0:00:02]} Ke6 {[%emt 0:00:07]} 113. Kc4 {[%emt 0:00:00]} Re4+ {[%emt 0:00:02]} 114. Bd4 {[%emt 0:00:02]} Re1 {[%emt 0:00:07]} 115. Kd3 {[%emt 0:00:03]} Rd1+ {[%emt 0:00:17]} 116. Ke4 {[%emt 0:00:01]} Re1+ {[%emt 0:00:02]} 117. Be3 {[%emt 0:00:00]} Kf6 {[%emt 0:00:06]} 118. Rh6+ {[%emt 0:00:01]} Kg7 {[%emt 0:00:01]} 119. Ra6 {[%emt 0:00:03]} Re2 {[%emt 0:00:04]} 120. Kf4 {[%emt 0:00:02]} Re1 {[%emt 0:00:08]} 121. Bd4+ {[%emt 0:00:13]} Kf7 {[%emt 0:00:47]} 122. Be5 {[%emt 0:00:02]} Rf1+ {[%emt 0:00:07]} 123. Ke4 {[%emt 0:00:03]} Rh1 {[%emt 0:00:14]} 124. Kd5 {[%emt 0:00:16]} Rd1+ {[%emt 0:00:06]} 125. Bd4 {[%emt 0:00:01]} Re1 {[%emt 0:00:02]} 126. Rf6+ {[%emt 0:00:07]} Ke7 {[%emt 0:00:17]} 127. Rg6 {[%emt 0:00:03]} Rd1 {[%emt 0:00:15]} 128. Rg7+ {[%emt 0:00:02]} Kf8 {[%emt 0:00:09]} 129. Ra7 {[%emt 0:00:04]} Rd2 {[%emt 0:00:10]} 130. Ke5 {[%emt 0:00:22]} Ke8 {[%emt 0:00:07]} 131. Bc5 {[%emt 0:00:05]} Kd8 {[%emt 0:00:12]} 132. Bd6 {[%emt 0:00:08]} Re2+ {[%emt 0:00:42]} 133. Kd5 {[%emt 0:00:02]} Ke8 {[%emt 0:00:06]} 134. Be5 {[%emt 0:00:04]} Kd8 {[%emt 0:00:42]} 135. Ke6 {[%emt 0:00:50]} Rc2 {[%emt 0:00:26]} 136. Rh7 {[%emt 0:00:38]} Kc8 {[%emt 0:00:14]} 137. Bd6 {[%emt 0:00:02]} Rd2 {[%emt 0:00:47]} 138. Rc7+ {[%emt 0:00:05]} Kd8 {[%emt 0:00:01]} 139. Rc4 {[%emt 0:00:17]} Re2+ {[%emt 0:00:12]} 140. Be5 {[%emt 0:00:02]} Re1 {[%emt 0:00:06]} 141. Rh4 {[%emt 0:00:08]} Kc8 {[%emt 0:00:45]} 142. Rb4 {[%emt 0:00:03]} 1-0

[Event "Charity Cup MCCT Prel 2022"]
[Site "Online"]
[Date "2022.03.15"]
[Round "15.2"]
[White "Anton Guijarro, David"]
[Black "Praggnanandhaa R"]
[Result "1-0"]
[WhiteElo "2691"]
[BlackElo "2612"]
[Annotator "TA"]
[PlyCount "165"]
[EventDate "2022.03.18"]
[EventType "tourn"]
[EventCountry "NET"]
[SourceTitle "playchess.com"]
[Source "ChessBase"]
[SourceQuality "1"]

{[%evp 14,165,20,9,9,6,14,12,18,0,36,31,31,35,28,-1,-16,-27,-18,-13,-2,-14,22,17,44,0,0,-128,-142,-148,-136,-141,-112,-93,-111,-95,-104,-98,4,14,8,-88,-97,-145,-78,-139,-93,-75,-73,-111,-84,-191,-31,-65,79,41,53,103,136,143,161,156,227,92,164,12,147,167,205,66,164,179,173,149,237,234,233,202,302,301,289,279,274,273,333,331,326,303,304,305,319,326,326,326,326,326,312,319,304,28,28,0,298,281,273,225,516,420,1339,1470,640,1440,1390,1547,1502,1581,1754,1660,1494,1382,3699,2620,4151,4151,4151,4151,4137,4129,29979,4149,29979,29980,29984,29985,29985,29986,29988,29989,29989,29987,29987,29988,29988,29989,29990,29991,29993,29991,29991,29992,29992,29992,29994,29995]} 1. d4 Nf6 2. Nf3 d5 3. e3 e6 4. Bd3 c5 5. b3 Nc6 6. O-O Bd6 7. Bb2 O-O 8. a3 b6 {[#] D05: Colle System with ...e6.} 9. dxc5 $146 ({Predecessor:} 9. Ne5 Bb7 10. f4 Ne4 11. Nd2 Ne7 12. Bxe4 dxe4 13. Ndc4 Bc7 14. dxc5 b5 15. Nd6 Bxd6 16. cxd6 {1-0 (46) Bosiocic,M (2624)-Ragger,M (2657) Katowice 2017}) 9... bxc5 10. c4 Rb8 {The position is equal.} 11. Qc2 d4 12. exd4 Nxd4 13. Bxd4 cxd4 14. c5 Bc7 15. Re1 Re8 $1 16. b4 e5 {[%cal Oe5e4]} 17. Nbd2 {To avoid e4} h6 18. Rac1 Nd5 19. Nc4 (19. Bc4 $14) 19... Nf4 $1 $11 20. Bh7+ (20. Nfxe5 $11 {remains equal.} Bxe5 21. Rxe5 Rxe5 22. Nxe5 (22. Bh7+ $2 Kf8 $19)) 20... Kf8 $1 $17 21. Be4 (21. Ncxe5 Bxe5 22. Nxe5 (22. Rxe5 $2 Rxe5 23. Nxe5 Qg5 $19) 22... Qg5) 21... d3 $1 22. Qd2 Ne2+ 23. Rxe2 dxe2 24. Qxe2 f5 $1 25. Bc6 {[%csl LRe5,LRe8] Black must now prevent Rd1.} Re6 {[#]} (25... e4 $17 26. Rd1 Qf6 27. Bxe8 exf3 28. gxf3 (28. Qxf3 Bb7 $17) 28... Ba6) 26. Rd1 $1 $11 Qf6 27. Bd5 (27. Ba4 $11) 27... Re7 $17 28. g3 (28. Qc2 $142) 28... Bd7 (28... Ba6 $142 {Hoping for ...Rd8.} 29. Qb2 Rd8) 29. Qb2 ({Better is} 29. Qc2) 29... Ba4 (29... Bb5 $142 30. Nd6 Bxd6 31. cxd6 Qxd6) 30. Rd2 a6 31. Qc3 Rd8 $1 32. h3 (32. Bb7 $17) 32... g5 $2 (32... Red7 $19 33. Bb7 Rxd2 34. Nfxd2 Bb5) 33. Ne3 Kg7 (33... f4 $1 $15 {keeps the upper hand.} 34. Nc4 Red7) 34. Ba2 {White is more active.} (34. Bb7 $5 {[%cal Rd2d8]} Red7 35. Rxd7+ (35. Nd5 Rxd5 36. Rxd5 Rxd5 $14) 35... Rxd7 36. Bc8 $14) 34... Rxd2 35. Nxd2 {Threatens to win with Nd5.} Bc6 36. Bb1 $1 $36 {[%mdl 2048] White is in control.} Rd7 37. Bxf5 Rd4 (37... Rd8 $16) 38. Qc2 (38. Bd3 $1 $18 {has better winning chances.}) 38... e4 (38... Kf8 $16) 39. Bg4 $2 (39. Nxe4 $18 Qe5 40. Nd2) 39... Kh8 (39... Rd3 $11) 40. Be2 $1 $16 Rd8 41. Bf1 (41. Nxe4 $6 Qe6 $16) ({White should play} 41. Bxa6 $18 {b5 is the strong threat.} Rf8 42. Ndc4) 41... h5 (41... Rf8 $1 $14 42. Nb1 h5) 42. Nxe4 $18 {Pair of Knights!} Qe5 43. Bg2 {[%cal Oe4d6,Bf1g2,Bg2e4,Be4b7][%mdl 32]} Bxe4 (43... h4 $16) 44. Qxe4 (44. Bxe4 $6 h4) 44... Qxe4 45. Bxe4 $16 {[%mdl 4096] Endgame KRB-KBN} Rd4 (45... Kg8 {keeps fighting.} 46. Bd5+ Kf8) 46. Bb7 $18 Rd3 47. Bxa6 Rxa3 48. b5 Kg7 49. Nd5 Be5 50. c6 Ra1+ 51. Kg2 Rc1 52. Kf3 Kf7 53. Bc8 {And now Bd7 would win.} Rc5 54. Ke4 Bd6 55. Bd7 Rc4+ 56. Ke3 $2 ({White should try} 56. Kf5 $18 {aiming for b6.} Rc5 57. Ke4 Rc4+ 58. Kf3) 56... Rc5 $11 {[%csl LRb5,LRd5] [#]} 57. Ke4 {[%mdl 8192]} (57. b6 $1 $11 Rxd5 58. c7) 57... Rc4+ $1 $18 58. Kf5 {Strongly threatening b6.} Rc5 {[#]} 59. Be6+ Ke8 $2 (59... Kg7 60. Ke4 (60. Kxg5 Rxb5 61. Kxh5 Rc5 $16) 60... Kg6) 60. Kg6 Kd8 (60... g4 $142 61. h4 (61. hxg4 hxg4 62. c7 Bxc7 $14) 61... Bb8 62. Kxh5 Rxb5 63. Kxg4 Rc5) 61. Kxh5 Rxb5 62. Kxg5 Rc5 63. f4 {[%cal Bf2f4,Bf4f5][%mdl 32]} Rxc6 64. g4 Ke8 65. h4 {[%cal Bh3h4,Bh4h5,Bh5h6][%mdl 32]} Kf8 66. f5 Be5 67. h5 Kg7 68. h6+ Kh7 69. Nf6+ Kh8 70. Kg6 Bf4 71. Ne4 ({Less strong is} 71. g5 Bxg5 72. Bd7 (72. Kxg5 Rxe6 73. Nh5 Re1 $11) 72... Rxf6+ $11) 71... Rc1 72. Ng5 {White mates.} Rc7 73. Nf7+ Rxf7 74. Bxf7 Bxh6 {KB-KB} 75. g5 Bf8 76. f6 Ba3 77. Bc4 Bc1 78. Kf5 Bb2 79. Ke6 ({Weaker is} 79. g6 Bxf6 80. Kxf6 $11) 79... Kg8 80. Ke7+ Kh8 81. Kf7 Bc3 82. Bf1 ({Not} 82. g6 Bxf6 83. Bd5 Bd4 $11) 82... Bb2 83. g6 {Never resign too early!  Weighted Error Value: White=0.36/Black=0.36} 1-0

[Event "Charity Cup MCCT Prel 2022"]
[Site "Online"]
[Date "2022.03.15"]
[Round "15.3"]
[White "Jones, Gawain C B"]
[Black "Lei, Tingjie"]
[Result "1-0"]
[WhiteElo "2671"]
[BlackElo "2535"]
[Annotator "TA"]
[PlyCount "57"]
[EventDate "2022.03.18"]
[EventType "tourn"]
[EventCountry "NET"]
[SourceTitle "playchess.com"]
[Source "ChessBase"]
[SourceQuality "1"]

{[%evp 20,57,21,17,11,13,11,6,20,9,60,55,55,54,66,48,68,62,82,69,91,92,100,89,120,27,16,0,64,64,152,163,181,91,818,818,787,787,29998,29999]} 1. e4 e5 2. Nf3 Nc6 3. Bc4 Nf6 4. d4 exd4 5. e5 d5 6. Bb5 Ne4 7. Nxd4 Bc5 8. Be3 O-O 9. Nxc6 bxc6 10. Bxc5 Nxc5 11. Bxc6 Rb8 {Hoping for ...Ba6. C56: Two Knights: 4 d4 exd4 5 0-0 Nxe4.} 12. Qxd5 Qe7 {And now ...Rd8 would win.} 13. O-O $1 Rxb2 {The position is equal.} (13... Rd8 $5 14. Qf3 Ne6 $11) 14. Nc3 Be6 {[#]} (14... Rd8 $11 15. Qf3 Rxc2) 15. Qd2 $146 ({Predecessor:} 15. Qf3 Rxc2 16. Qe3 Rd8 17. Rad1 Rxd1 18. Rxd1 h6 19. g3 Bh3 20. Rb1 Bf5 21. Rd1 {1-0 (43) Samsonkin,A (2428)-Farahat,A (2404) Chess.com INT 2021}) 15... Rd8 16. Qc1 Rdb8 17. Re1 Qh4 18. Qe3 {Prevents Qd4.} Qc4 19. Rac1 R2b6 $1 20. Bf3 Na4 21. Ne4 Qxa2 22. Red1 (22. g3 $16) 22... Nb2 $1 $11 23. Re1 Nc4 ({Black should play} 23... Na4 $1 $11) 24. Qd4 $1 $40 {[%mdl 128] White has some attack.} Na3 {[#]} (24... Nb2 $14) 25. Red1 $1 $16 {[%cal Od4d8] Intending Qd8+! and mate.} Rf8 {Inhibits Qd8.} 26. Qc5 (26. Ng5 $18 Qc4 27. Qe3) 26... Nc4 $2 {[%mdl 8192] [#]} (26... Qb2 $16) 27. Nf6+ $1 $18 {[%mdl 512]} gxf6 28. exf6 {Qg5+ would kill now.} h6 {[#] Prevents Qg5+.} 29. Qxf8+ $1 {[%mdl 576] Remove Defender, Back Rank.  Weighted Error Value: White=0.17 (very precise) /Black=0.56} 1-0

[Event "Charity Cup MCCT Prel 2022"]
[Site "Online"]
[Date "2022.03.15"]
[Round "15.4"]
[White "Le, Quang Liem"]
[Black "Rapport, Richard"]
[Result "1/2-1/2"]
[WhiteElo "2709"]
[BlackElo "2762"]
[Annotator "TA"]
[PlyCount "117"]
[EventDate "2022.03.18"]
[EventType "tourn"]
[EventCountry "NET"]
[SourceTitle "playchess.com"]
[Source "ChessBase"]
[SourceQuality "1"]

{[%evp 16,117,0,-14,22,26,22,-5,0,4,19,-20,-13,-17,-16,-23,-12,-25,-18,-27,0,0,-5,-12,-16,-7,0,0,0,-26,-27,-22,-25,-56,0,0,-7,-6,-9,-7,0,0,105,61,90,76,92,65,77,0,239,58,329,208,214,0,0,0,0,0,0,0,0,-22,-15,-17,-25,-139,-125,-208,-205,-216,-212,-216,0,0,0,-92,0,0,0,0,0,0,0,0,0,0,0,0,0,0,0,0,-28000,-28000,-28000,-28000,-28000,-28000,-28000,-28000,-28000,-28000]} 1. d4 Nf6 2. Nf3 d6 3. c4 g6 4. Nc3 Bg7 5. e4 O-O 6. Be2 e5 7. dxe5 dxe5 8. Qxd8 Rxd8 9. Nd5 Ne8 {E92: King's Indian: Classical: 6 Be2 e5: 7 dxe5, 7 Be3 and Petrosian System without 7...Nbd7.} (9... Nxe4 10. Nxc7 Na6 11. Nxa8 $16) 10. Bg5 f6 11. Be3 Be6 {The position is equal.} 12. O-O-O {[#]} Kf7 $146 {Inhibits Ne7.} ({Predecessor:} 12... Nd7 13. h4 c6 14. Nc3 Bf8 15. h5 Bc5 16. hxg6 hxg6 17. Bxc5 Nxc5 18. b4 Rxd1+ 19. Rxd1 {½-½ (32) Casas,F-Cruz,R Buenos Aires 1963}) 13. c5 c6 14. Nc3 Nd7 15. Rd2 Nc7 16. Rhd1 Ke8 17. b3 Bf7 18. Na4 Bf8 19. g3 Ne6 {[%cal Re6c5]} 20. Bc4 Be7 21. h4 Rab8 22. Ne1 b5 23. cxb6 $1 axb6 24. Nd3 {Inhibits Bb4.} Nd4 (24... b5 $15 {is superior.} 25. Bxe6 Bxe6) 25. Bxf7+ $1 $11 Kxf7 26. f4 b5 27. Nc3 Ba3+ 28. Kb1 c5 (28... Nc5 $11) 29. fxe5 (29. h5 $16) 29... fxe5 30. Nd5 Ke6 31. b4 {White is much more active.} Rbc8 {[#] Prevents Nc7+.} 32. Bxd4 ({White should play} 32. h5 $1 $16) 32... cxd4 $2 (32... exd4 $11 33. N5f4+ Kf6) 33. Rc2 $2 (33. Rf1 $18) 33... Kd6 $2 {[%mdl 8192]} ({Black should try} 33... Rxc2 $14 34. Kxc2 Rc8+ 35. Kb3 Nf6 36. Nc5+ (36. Kxa3 Nxd5 37. Nc5+ Rxc5 $16) 36... Rxc5 37. bxc5 Nxe4) 34. Rxc8 Rxc8 35. Ne1 $2 {Pair of Knights!} (35. Rf1 $18) 35... Rf8 36. Kc2 {aiming for Kb3.} Rf2+ 37. Kb3 Re2 $1 38. Nc2 $1 (38. Kxa3 $2 Rxe4 39. Nc3 Re3 $19) 38... Bxb4 39. Ndxb4 (39. Ncxb4 $5 {[%cal Rb4a6]} Nc5+ 40. Ka3 $11) 39... Nc5+ 40. Kb2 Nxe4 41. Re1 (41. Ra1 $11) 41... Nxg3 $17 42. Rxe2 (42. Rg1 $17 Ne4 43. Rf1) 42... Nxe2 $19 43. Na3 e4 {[%mdl 1024] Black has strong compensation.} 44. Kc2 h6 $2 (44... Kc5 $19 45. Na6+ Kb6) 45. Kd2 $11 Nc3 46. Nac2 {[#]} (46. Nbc2 $11) 46... Kc5 (46... Nd5 $1 $17 {[%cal Rd5b4] Hoping for ...Nxb4.} 47. Na6 Ke5) 47. Nxd4 Nxa2 48. Nbc2 b4 49. Ke3 Nc3 50. Nb3+ Kb5 51. Kd4 g5 52. hxg5 hxg5 53. Nd2 g4 54. Nxe4 Nxe4 $4 {[%mdl 8192]} (54... Nd1 $11) 55. Kxe4 {Mate.} g3 56. Kf3 g2 57. Kxg2 b3 58. Nd4+ Kc4 59. Nxb3 {[%mdl 32768] Both players deserved the win here.  Weighted Error Value: White=0.29 (precise) /Black=0.32. An unexpected result.} 1/2-1/2

[Event "Charity Cup MCCT Prel 2022"]
[Site "Online"]
[Date "2022.03.15"]
[Round "15.5"]
[White "Ju, Wenjun"]
[Black "Navara, David"]
[Result "0-1"]
[WhiteElo "2560"]
[BlackElo "2700"]
[Annotator "TA"]
[PlyCount "84"]
[EventDate "2022.03.18"]
[EventType "tourn"]
[EventCountry "NET"]
[SourceTitle "playchess.com"]
[Source "ChessBase"]
[SourceQuality "1"]

{[%evp 21,84,36,18,28,30,33,37,35,34,20,3,17,15,6,31,0,0,0,0,12,15,10,20,0,0,0,0,-36,0,-89,-118,-121,-121,-100,-77,-99,-79,-76,-58,-82,-70,-87,-52,-53,-56,-64,-37,-190,-178,-5306,-5277,-1809,-59,-67,-56,-64,-62,-64,-58,-1001,-903,-876,-855,-651,-576]} 1. d4 Nf6 2. c4 e6 3. g3 c5 4. d5 exd5 5. cxd5 d6 6. Nc3 g6 7. Bg2 Bg7 8. Nf3 O-O 9. O-O Re8 10. Re1 a6 11. a4 Nbd7 12. Bf4 {A63: Modern Benoni: Fianchetto Variation: 9...Nbd7.} Ng4 13. a5 ({Reject} 13. Bxd6 Qb6 14. Bf4 c4 $15) 13... Nde5 14. Ne4 {White is slightly better.} h6 15. h3 Nxf3+ 16. exf3 Ne5 {[#]} 17. h4 $146 ({Predecessor:} 17. Bf1 g5 18. Bd2 f5 19. Nc3 f4 20. g4 Bd7 21. Na4 Bxa4 22. Rxa4 Qd7 23. Rae4 {1-0 (56) Even,R (2459)-Schaefer,U (2460) GER email 2018}) 17... Bf5 18. b3 Bxe4 19. fxe4 g5 20. hxg5 hxg5 21. Be3 g4 {Inhibits Bh3.} 22. Ra2 Qf6 23. Bf4 Qg6 24. f3 Qh5 {[%cal Rg4f3]} 25. Bxe5 (25. Kf2 $11) 25... Bxe5 $17 26. fxg4 Qh6 27. Qf3 Kg7 {[%mdl 1024] Black has strong compensation.} 28. Kf1 Rh8 29. Ke2 Qg6 30. Kd3 Rh2 31. Rh1 Rah8 {[#] Hoping for ...Rxh1. Really sharp! Black is more active.} 32. Rxh2 ({Avoid the trap} 32. Rf2 $2 Rxh1 33. Bxh1 Rh3 $19) 32... Rxh2 33. Rf2 f6 34. Rf1 $2 (34. Bf1 $15 Rxf2 35. Qxf2) 34... Qe8 $19 {Threatens to win with ...Qb5+.} 35. g5 $2 (35. Rh1 Qb5+ 36. Kc2 Rxh1 37. Bxh1) 35... Qb5+ 36. Kc2 {[#]} Qxa5 $2 ({Black should play} 36... c4 $1 $19 {[%cal Rc4b3] Strongly threatening ...cxb3+.} 37. gxf6+ Kf8) 37. gxf6+ Kf8 38. Rf2 Qa2+ 39. Kd1 Qb1+ 40. Ke2 $4 {[%mdl 8192]} (40. Kd2 $15) 40... Qc2+ {Black is clearly winning.} 41. Kf1 Qc1+ 42. Ke2 Bd4 {Weighted Error Value: White=0.71/Black=0.24 (precise)} 0-1